00440nam a2200169Ia 4500003000400000005001700004008004100021040000700062041000800069082002600077100002400103245006400127250000600191260004700197300001300244365001300257OSt20230406125419.0210423s2008 xx 000 0 und d cAL aeng a658.150954223b PATB aPATHAK (Bharati V). aIndian financial system: markets institutions and services. a2 aNew DelhibPearson Education Pvt Ltdc2008 axiv,735. b399cINR